Nota Kursus PM 01 Kursus Pengurusan Harta Tanah dan Fasiliti Harta Kerajaan : 22 - 27 April 2002

Bibliographic Details
Format: Book
Subjects:

MARC

LEADER 00000cam a2200000 7i4500
001 0000014275
005 20040415.0
040 |a INS 
090 0 0 |a PH 14 
245 0 0 |a Nota Kursus PM 01 Kursus Pengurusan Harta Tanah dan Fasiliti Harta Kerajaan :   |b 22 - 27 April 2002 
650 0 0 |a Pengurusan Harta Tanah 
999 |a PH00000016   |b BOOK   |c Course Notes   |e Default branch